000 00888nam a2200289 a 4500
001 73169
003 BD-RjUL
005 20211209082346.0
008 170528s1976 enka b 001 0 eng d
020 _a0521206448 :
_c£10.00 ($30.00 U.S.)
035 _a(BD-RjUL)73387
040 _aDLC
_cDLC
_dBD-RjUL
_beng
041 _aeng
082 0 0 _a596
_223
_bSEM 1976
100 1 _aSengel, Philippe.
_9216436
245 1 0 _aMorphogenesis of skin /
_cPhilippe Sengel.
260 _aCambridge, Eng. ;
_aNew York :
_bCambridge University Press,
_c1976.
300 _aviii, 277 p. :
_bill. ;
_c24 cm.
490 0 _aDevelopmental and cell biology series ; 3
504 _aBibliography and index.
650 0 _aVertebrates
_9216437
650 0 _aSkin
_9216311
650 0 _aMorphogenesis.
_9159571
650 2 _aSkin
_xGrowth and development.
_9216438
942 _2ddc
_cBK
999 _c73169
_d73169